[Event "C'Chartres Blitz op"]
[Site "Europe Echecs INT"]
[Date "2020.11.28"]
[Round "2"]
[White "Meynard, Thibault"]
[Black "Lagarde, Maxime"]
[Result "0-1"]
[WhiteElo "2165"]
[BlackElo "2651"]
[PlyCount "74"]
[EventDate "2020.11.28"]
[EventType "swiss (blitz)"]
[EventRounds "11"]
[EventCountry "FRA"]
[SourceTitle "CBM 199 Extra"]
[Source "ChessBase"]
[SourceDate "2021.01.31"]
[SourceVersion "1"]
[SourceVersionDate "2021.01.31"]
[SourceQuality "1"]

1. d4 Nf6 2. Nf3 g6 3. Nc3 d5 4. Bf4 c6 5. e3 b5 6. a3 Nbd7 7. Be2 Nb6 8. 0-0 Bg7 9. Ne5 Bb7 10. h3 0-0 11. Bd3 Nfd7 12. Nxd7 Qxd7 13. Qe2 a5 14. b4 a4 15. Rfd1 Rfe8 16. Qg4 f5 17. Qg3 Qe6 18. Nb1 Nd7 19. Nd2 Nf6 20. Nf3 Ne4 21. Bxe4 dxe4 22. Ne5 Rad8 23. h4 Bxe5 24. Bxe5 h5 25. Qg5 Kh7 26. Bf4 Qf7 27. Qh6+ Kg8 28. Be5 Qh7 29. Qg5 Bc8 30. c3 Be6 31. Qf4 Bc4 32. Rd2 Rd5 33. Kh2 Red8 34. f3 Bd3 35. fxe4 Bxe4 36. Rf1 Qf7 37. Qg5 Rxe5 0-1

[Event "El Ksiba op"]
[Site "El Ksiba"]
[Date "2019.04.13"]
[Round "9"]
[White "Saber, Anas"]
[Black "Meynard, Thibault"]
[Result "1-0"]
[WhiteElo "2008"]
[BlackElo "2195"]
[PlyCount "73"]
[EventDate "2019.04.08"]
[EventType "swiss"]
[EventRounds "9"]
[EventCountry "MAR"]
[SourceTitle "CBM 189 Extra"]
[Source "ChessBase"]
[SourceDate "2019.06.03"]
[SourceVersion "1"]
[SourceVersionDate "2019.06.03"]
[SourceQuality "1"]

1. e4 c5 2. Nc3 Nc6 3. Bb5 Nd4 4. Bc4 e6 5. Nf3 a6 6. a4 Qc7 7. 0-0 Ne7 8. d3 Nec6 9. Bg5 Bd6 10. h3 h6 11. Bd2 Nxf3+ 12. Qxf3 Ne5 13. Qe2 Nxc4 14. dxc4 b6 15. Rfe1 Bb7 16. Ra3 0-0-0 17. a5 Qc6 18. axb6 f5 19. Rea1 fxe4 20. Be3 Bb8 21. Ra5 d6 22. Na4 Qd7 23. c3 Rhf8 24. b4 Rf5 25. bxc5 h5 26. Rd1 h4 27. Rb1 dxc5 28. Kf1 Qd6 29. Rxc5+ Rxc5 30. Nxc5 Re8 31. Rd1 Qh2 32. Qg4 Bg3 33. Nxb7 Qh1+ 34. Ke2 Qxg2 35. Na5 Qh2 36. Qxg7 Bc7 37. Qd7+ 1-0

[Event "El Ksiba op"]
[Site "El Ksiba"]
[Date "2019.04.10"]
[Round "5"]
[White "Meynard, Thibault"]
[Black "Bendriss, Hatim"]
[Result "1-0"]
[WhiteElo "2195"]
[BlackElo "2071"]
[PlyCount "67"]
[EventDate "2019.04.08"]
[EventType "swiss"]
[EventRounds "9"]
[EventCountry "MAR"]
[SourceTitle "CBM 189 Extra"]
[Source "ChessBase"]
[SourceDate "2019.06.03"]
[SourceVersion "1"]
[SourceVersionDate "2019.06.03"]
[SourceQuality "1"]

1. d4 c6 2. Nf3 d5 3. c4 Nf6 4. Nc3 e6 5. Bg5 Be7 6. e3 Nbd7 7. cxd5 exd5 8. Bd3 0-0 9. 0-0 Re8 10. Qc2 Nf8 11. Ne5 Ne4 12. Nxe4 Bxg5 13. Nxg5 Qxg5 14. f4 Qh6 15. Rae1 f6 16. Nf3 Bd7 17. h3 Re7 18. Qf2 Rae8 19. Nd2 b6 20. b4 Qh5 21. Re2 c5 22. bxc5 bxc5 23. dxc5 d4 24. e4 Qxc5 25. Nb3 Qc3 26. Qxd4 Qxd4+ 27. Nxd4 Kh8 28. e5 fxe5 29. fxe5 g6 30. Bc4 Kg7 31. Ref2 Rxe5 32. Rf7+ Kh6 33. R1f4 Bf5 34. Rh4+ 1-0

[Event "FRA-ch Accession"]
[Site "Nimes"]
[Date "2009.08.15"]
[Round "5"]
[White "Meynard, Thibault"]
[Black "Manoeuvre, Antoine"]
[Result "1/2-1/2"]
[WhiteElo "2288"]
[BlackElo "2232"]
[PlyCount "156"]
[EventDate "2009.08.11"]
[EventType "swiss"]
[EventRounds "9"]
[EventCountry "FRA"]
[SourceTitle "CBM 132 Extra"]
[Source "ChessBase"]
[SourceDate "2009.11.03"]
[SourceVersion "1"]
[SourceVersionDate "2009.11.03"]
[SourceQuality "1"]

1. d4 Nf6 2. c4 g6 3. Nc3 Bg7 4. e4 d6 5. Nf3 0-0 6. Be2 e5 7. dxe5 dxe5 8. Qxd8 Rxd8 9. Bg5 Re8 10. Nd5 Nxd5 11. cxd5 c6 12. Bc4 cxd5 13. Bxd5 Nc6 14. Nd2 Be6 15. Bxc6 bxc6 16. Ke2 Reb8 17. b3 a5 18. Be7 Bf8 19. Bf6 Bg7 20. Be7 Bf8 21. Bf6 Bg7 22. Bxg7 Kxg7 23. Rhc1 a4 24. Rab1 axb3 25. axb3 Ra2 26. Ke3 Rb6 27. Rc3 f6 28. h4 Ra7 29. g3 Rab7 30. f4 exf4+ 31. gxf4 Bf7 32. Kd4 Rd7+ 33. Kc5 Rb5+ 34. Kxc6 Rbb7 35. Nc4 Rdc7+ 36. Kd6 Rxc4 37. bxc4 Rxb1 38. c5 Rd1+ 39. Ke7 Re1 40. e5 fxe5 41. f5 gxf5 42. c6 Ra1 43. c7 Ra8 44. c8Q Rxc8 45. Rxc8 e4 46. Rc5 Bg6 47. Ke6 f4 48. Ke5 f3 49. Kf4 h5 50. Ra5 Bf7 51. Ke3 Bg6 52. Ra6 Bf7 53. Rd6 Bg6 54. Rc6 Bf5 55. Rc2 Kf6 56. Kf4 Be6 57. Rd2 Bf5 58. Rb2 Bg6 59. Rb6+ Kg7 60. Ra6 Bf7 61. Ke3 Bg6 62. Re6 Kf7 63. Re5 Kf6 64. Rg5 Kf7 65. Rg1 Kf6 66. Kf4 Bf5 67. Rg5 Bg6 68. Ra5 Kg7 69. Ra6 Bf7 70. Kg3 Bg6 71. Kf2 Kf7 72. Ke3 Kg7 73. Rc6 Bf5 74. Rc5 Kf6 75. Rc7 Bg6 76. Kf4 Bf5 77. Rc6+ Be6 78. Rc2 Bf5 1/2-1/2

[Event "FRA-ch Accession"]
[Site "Nimes"]
[Date "2009.08.12"]
[Round "2"]
[White "Valles, Manuel"]
[Black "Meynard, Thibault"]
[Result "1-0"]
[WhiteElo "2142"]
[BlackElo "2288"]
[PlyCount "97"]
[EventDate "2009.08.11"]
[EventType "swiss"]
[EventRounds "9"]
[EventCountry "FRA"]
[SourceTitle "CBM 132 Extra"]
[Source "ChessBase"]
[SourceDate "2009.11.03"]
[SourceVersion "1"]
[SourceVersionDate "2009.11.03"]
[SourceQuality "1"]

1. e4 c5 2. Nf3 Nc6 3. d4 cxd4 4. Nxd4 Nf6 5. Nc3 e5 6. Ndb5 d6 7. Bg5 a6 8. Na3 b5 9. Nd5 Qa5+ 10. Bd2 Qd8 11. Bg5 Be7 12. Bxf6 Bxf6 13. c3 0-0 14. Nc2 Bg5 15. a4 bxa4 16. Rxa4 a5 17. Bc4 Rb8 18. b3 Kh8 19. 0-0 f5 20. exf5 Bxf5 21. Qe2 Qe8 22. Nce3 Bd7 23. Ra2 e4 24. Bb5 Bd8 25. Ba4 Qg6 26. Kh1 Rf7 27. Qa6 Ne5 28. Nc4 Nxc4 29. Qxc4 Rc8 30. Qd4 Qf5 31. Bxd7 Rxd7 32. Re1 e3 33. Nxe3 Qf7 34. Nd5 h6 35. Rae2 Bf6 36. Nxf6 Qxf6 37. Re8+ Rxe8 38. Rxe8+ Kh7 39. Qe4+ g6 40. h4 Kg7 41. Re6 Qf7 42. h5 gxh5 43. Qe3 Kf8 44. Qxh6+ Qg7 45. Qf4+ Rf7 46. Qxd6+ Kg8 47. Rg6 Rxf2 48. Rxg7+ Kxg7 49. Qg3+ 1-0

[Event "FRA-chT2 South 0809"]
[Site "France"]
[Date "2008.11.23"]
[Round "3.1"]
[White "Garbisu de Goni, Unai"]
[Black "Meynard, Thibault"]
[Result "0-1"]
[WhiteElo "2478"]
[BlackElo "2269"]
[PlyCount "198"]
[EventDate "2008.10.12"]
[EventType "team-tourn"]
[EventRounds "11"]
[EventCountry "FRA"]
[SourceTitle "EXT 2010"]
[Source "ChessBase"]
[SourceDate "2010.11.25"]
[SourceVersion "1"]
[SourceVersionDate "2010.11.25"]
[SourceQuality "1"]
[WhiteTeam "Condom"]
[BlackTeam "Avignon"]
[WhiteTeamCountry "FRA"]
[BlackTeamCountry "FRA"]

1. e4 c5 2. Nf3 Nc6 3. d4 cxd4 4. Nxd4 Nf6 5. Nc3 e5 6. Ndb5 d6 7. Bg5 a6 8. Na3 b5 9. Bxf6 gxf6 10. Nd5 f5 11. Bd3 Be6 12. 0-0 Bg7 13. Qh5 f4 14. c4 bxc4 15. Bxc4 0-0 16. Rac1 Rb8 17. b3 Qa5 18. Nb1 Kh8 19. Nbc3 Qa3 20. Rcd1 Nd4 21. Ne2 f3 22. Nxd4 fxg2 23. Nf5 gxf1Q+ 24. Kxf1 Bxf5 25. Qxf5 f6 26. Kg2 Rbc8 27. Rd3 Qc1 28. Rg3 Qh6 29. Ne7 Rc7 30. Nd5 Rb7 31. Qe6 Qh4 32. Rg4 Qh5 33. Ne3 f5 34. exf5 Rbf7 35. Be2 Qh6 36. Qd5 Qf6 37. Bc4 Bh6 38. Qe4 Rg7 39. Rxg7 Qxg7+ 40. Ng4 Bf4 41. Kh3 Qg5 42. Qe2 h5 43. Ne3 Bxe3 44. fxe3 Qxf5+ 45. Kg2 Rf6 46. e4 Rg6+ 47. Kh1 Qf4 48. Qxh5+ Kg7 49. Qe2 a5 50. a3 Rg4 51. a4 Kf6 52. Bd3 Ke7 53. Qd1 Kf6 54. Be2 Rg6 55. Qxd6+ Kg5 56. Qd8+ Kh6 57. Qh8+ Kg5 58. Qd8+ Rf6 59. Qg8+ Kh4 60. Qh8+ Qh6 61. Qc8 Qg6 62. Qa8 Qh6 63. Qc8 Qg7 64. Qd8 Qg5 65. Qh8+ Rh6 66. Qc8 Rg6 67. Qh8+ Qh6 68. Qd8+ Rf6 69. Qc8 Qg6 70. Qa8 Rc6 71. Qd8+ Qf6 72. Qxf6+ Rxf6 73. Kg2 Rg6+ 74. Kf2 Kh3 75. Ke3 Rd6 76. Bc4 Rd4 77. Kf3 Kxh2 78. Bd5 Kh3 79. Bc4 Kh4 80. Bb5 Kg5 81. Bc4 Kh4 82. Bb5 Rd1 83. Bc4 Rc1 84. Ke3 Rc3+ 85. Kd2 Rg3 86. Bd3 Kg4 87. Kc3 Kf4 88. Kc4 Ke3 89. Bf1 Kf2 90. Bd3 Ke1 91. Bb1 Kd2 92. b4 Rc3+ 93. Kb5 Rb3 94. Ba2 Rb2 95. Bd5 axb4 96. a5 Kc3 97. a6 b3 98. a7 Ra2 99. Kb6 Ra3 0-1

[Event "FRA-chT2 South 0809"]
[Site "France"]
[Date "2008.11.22"]
[Round "2.2"]
[White "Meynard, Thibault"]
[Black "Anic, Darko"]
[Result "1/2-1/2"]
[WhiteElo "2269"]
[BlackElo "2463"]
[PlyCount "97"]
[EventDate "2008.10.12"]
[EventType "team-tourn"]
[EventRounds "11"]
[EventCountry "FRA"]
[SourceTitle "EXT 2010"]
[Source "ChessBase"]
[SourceDate "2010.11.25"]
[SourceVersion "1"]
[SourceVersionDate "2010.11.25"]
[SourceQuality "1"]
[WhiteTeam "Avignon"]
[BlackTeam "Saint Affrique"]
[WhiteTeamCountry "FRA"]
[BlackTeamCountry "FRA"]

1. d4 c6 2. Nf3 Nf6 3. g3 d6 4. Bg2 Nbd7 5. b3 e5 6. dxe5 dxe5 7. 0-0 Bc5 8. Bb2 Qe7 9. e3 0-0 10. c4 Re8 11. a3 e4 12. Nfd2 Nf8 13. b4 Bb6 14. Nc3 Bf5 15. c5 Bc7 16. Nc4 Rad8 17. Qc2 h5 18. Rad1 h4 19. Rxd8 Rxd8 20. Rd1 hxg3 21. hxg3 Rd3 22. Bf1 Rxd1 23. Qxd1 Ne6 24. Nd6 Bg4 25. Be2 Bxe2 26. Nxe2 Ng5 27. Nf4 Qd8 28. Kg2 Ne8 29. Qd4 Bxd6 30. cxd6 Qxd6 31. Qxa7 Qd1 32. Qd4 Qxd4 33. Bxd4 b5 34. Bc5 Nc7 35. Bd6 Nce6 36. Ne2 f6 37. Nc3 Kf7 38. g4 g6 39. Bf4 f5 40. Bxg5 Nxg5 41. Kg3 Kf6 42. gxf5 gxf5 43. Ne2 Nf3 44. Kf4 Ne5 45. Nd4 Nd3+ 46. Kg3 Ne5 47. Kh4 Ng6+ 48. Kg3 Ne5 49. Kh4 1/2-1/2

[Event "FRA-chT1B 0708"]
[Site "France"]
[Date "2008.02.09"]
[Round "6.3"]
[White "Babault, Patrice"]
[Black "Meynard, Thibault"]
[Result "1-0"]
[WhiteElo "2320"]
[BlackElo "2288"]
[PlyCount "49"]
[EventDate "2007.10.21"]
[EventType "team"]
[EventRounds "11"]
[EventCountry "FRA"]
[SourceTitle "EXT 2009"]
[Source "ChessBase"]
[SourceDate "2008.11.26"]
[SourceVersion "1"]
[SourceVersionDate "2008.11.26"]
[SourceQuality "1"]
[WhiteTeam "Lutece"]
[BlackTeam "Avignon"]
[WhiteTeamCountry "FRA"]
[BlackTeamCountry "FRA"]

1. e4 c5 2. Nf3 Nc6 3. Nc3 e5 4. Bc4 d6 5. d3 Be7 6. Nd2 Nf6 7. Nf1 Nd7 8. Nd5 Nb6 9. Nxb6 axb6 10. a4 0-0 11. Ne3 Bg5 12. 0-0 Kh8 13. c3 f5 14. Nxf5 Bxf5 15. Bxg5 Qxg5 16. exf5 Rxf5 17. Qb3 Raf8 18. g3 R5f6 19. Qxb6 d5 20. Bxd5 Nb4 21. Qxc5 Nxd3 22. Qe3 Nf4 23. Bg2 Rg6 24. Rae1 Re8 25. Qxf4 1-0

[Event "FRA-chT1B 0708"]
[Site "France"]
[Date "2007.11.25"]
[Round "3.3"]
[White "Meynard, Thibault"]
[Black "Benitah, Yohan"]
[Result "1/2-1/2"]
[WhiteElo "2288"]
[BlackElo "2421"]
[PlyCount "46"]
[EventDate "2007.10.21"]
[EventType "team"]
[EventRounds "11"]
[EventCountry "FRA"]
[SourceTitle "EXT 2009"]
[Source "ChessBase"]
[SourceDate "2008.11.26"]
[SourceVersion "1"]
[SourceVersionDate "2008.11.26"]
[SourceQuality "1"]
[WhiteTeam "Avignon"]
[BlackTeam "Lyon Olympique"]
[WhiteTeamCountry "FRA"]
[BlackTeamCountry "FRA"]

1. d4 d5 2. c4 c6 3. Nc3 Nf6 4. e3 Bf5 5. Nf3 e6 6. Nh4 Bg4 7. Qb3 b6 8. h3 Bh5 9. g4 dxc4 10. Qxc4 Nd5 11. Nf3 Bg6 12. Ne5 Nb4 13. Nxg6 hxg6 14. Qb3 a5 15. a3 Nd5 16. e4 Nxc3 17. bxc3 a4 18. Qb2 Nd7 19. e5 b5 20. Bg2 Rc8 21. 0-0 Nb6 22. f4 Qd7 23. Qe2 Be7 1/2-1/2

[Event "FRA-chT1B 0607"]
[Site "France"]
[Date "2007.03.10"]
[Round "10.4"]
[White "Adrian, Claude"]
[Black "Meynard, Thibault"]
[Result "0-1"]
[WhiteElo "2314"]
[BlackElo "2267"]
[PlyCount "52"]
[EventDate "2006.10.15"]
[EventType "team"]
[EventRounds "11"]
[EventCountry "FRA"]
[SourceTitle "EXT 2008"]
[Source "ChessBase"]
[SourceDate "2007.11.25"]
[SourceVersion "1"]
[SourceVersionDate "2007.11.25"]
[SourceQuality "1"]
[WhiteTeam "Epinal"]
[BlackTeam "Avignon"]
[WhiteTeamCountry "FRA"]
[BlackTeamCountry "FRA"]

1. Nf3 Nf6 2. c4 c6 3. d4 d5 4. Nc3 e6 5. g3 Nbd7 6. Bg2 dxc4 7. 0-0 Be7 8. e4 b5 9. d5 b4 10. dxe6 fxe6 11. Ne2 e5 12. Qc2 Ba6 13. Ng5 Nc5 14. Rd1 Qb6 15. Be3 Ng4 16. Qd2 0-0 17. h3 Rad8 18. hxg4 Rxd2 19. Rxd2 Bxg5 20. Bxg5 Ne6 21. Be3 c5 22. f4 Nd4 23. fxe5 c3 24. Nxd4 cxd2 25. Nb3 Rd8 26. Nxd2 Qe6 0-1

[Event "FRA-chT1B 0607"]
[Site "France"]
[Date "2007.01.21"]
[Round "6.6"]
[White "Meynard, Thibault"]
[Black "Stoven, Gilles Noel"]
[Result "1-0"]
[WhiteElo "2267"]
[BlackElo "2142"]
[PlyCount "131"]
[EventDate "2006.10.15"]
[EventType "team"]
[EventRounds "11"]
[EventCountry "FRA"]
[SourceTitle "EXT 2008"]
[Source "ChessBase"]
[SourceDate "2007.11.25"]
[SourceVersion "1"]
[SourceVersionDate "2007.11.25"]
[SourceQuality "1"]
[WhiteTeam "Avignon"]
[BlackTeam "Lutece"]
[WhiteTeamCountry "FRA"]
[BlackTeamCountry "FRA"]

1. d4 Nf6 2. Nf3 d6 3. g3 c5 4. Bg2 Nc6 5. dxc5 Qa5+ 6. c3 Qxc5 7. 0-0 g6 8. b4 Qh5 9. Nd4 Nxd4 10. cxd4 Bg7 11. e4 Bg4 12. f3 Bh3 13. g4 Qh4 14. Qa4+ Nd7 15. Be3 Bxg2 16. Kxg2 f5 17. exf5 gxf5 18. Bf2 Qg5 19. Qb5 a6 20. Qxb7 Rb8 21. Qd5 Rb5 22. Qe6 fxg4 23. fxg4 h5 24. Nc3 Rb7 25. Bg3 Qxg4 26. Qf7+ Kd8 27. Rf4 Rf8 28. Qd5 Rxf4 29. Qxb7 Ke8 30. h3 Rf2+ 31. Kxf2 Qxd4+ 32. Kg2 Qxc3 33. Qa8+ Kf7 34. Qd5+ Ke8 35. Qxh5+ Kd8 36. Qa5+ Ke8 37. Rf1 Qc6+ 38. Kh2 Ne5 39. Qa3 Qc4 40. Qc1 Qxa2+ 41. Rf2 Qe6 42. Qd1 Qc4 43. Rc2 Qe4 44. Rf2 Qc6 45. Qb3 Kd7 46. Qe3 Bf6 47. Bf4 Bh4 48. Rf1 Qc2+ 49. Qd2 Qe4 50. Bxe5 Qxe5+ 51. Qf4 Bf6 52. Qxe5 Bxe5+ 53. Kg2 Kc6 54. h4 Kb5 55. Rb1 d5 56. h5 Bg7 57. Kf3 e5 58. Ke2 e4 59. Ke3 Kc4 60. Rc1+ Kxb4 61. Rc7 Be5 62. Re7 Bc3 63. Rb7+ Kc4 64. Rc7+ Kb3 65. Rxc3+ Kxc3 66. h6 1-0

[Event "FRA-chT Poule Basse"]
[Site "Asnieres sur Seine"]
[Date "2006.05.05"]
[Round "9"]
[White "Palac, Mladen"]
[Black "Meynard, Thibault"]
[Result "1-0"]
[WhiteElo "2561"]
[BlackElo "2234"]
[PlyCount "53"]
[EventDate "2006.05.03"]
[EventType "team-tourn"]
[EventRounds "4"]
[EventCountry "FRA"]
[SourceTitle "EXT 2007"]
[Source "ChessBase"]
[SourceDate "2006.11.23"]
[SourceVersion "1"]
[SourceVersionDate "2006.11.23"]
[SourceQuality "1"]
[WhiteTeam "Cannes"]
[BlackTeam "Avignon"]
[WhiteTeamCountry "FRA"]
[BlackTeamCountry "FRA"]

1. e4 c5 2. Nf3 Nc6 3. Bb5 e6 4. Bxc6 bxc6 5. b3 d5 6. d3 Nf6 7. Qe2 Be7 8. 0-0 0-0 9. c4 Qc7 10. Bg5 Nh5 11. Bxe7 Qxe7 12. e5 f5 13. Nc3 Bd7 14. Na4 Be8 15. Qe3 d4 16. Qg5 Qf7 17. Nxc5 h6 18. Qh4 g5 19. Qxd4 Nf4 20. Qe3 Qh5 21. Nd4 Nxg2 22. Kxg2 f4 23. Qh3 f3+ 24. Kg3 Rf4 25. Qxh5 Bxh5 26. Ndxe6 Rh4 27. h3 1-0

[Event "FRA-chT Poule Basse"]
[Site "Asnieres sur Seine"]
[Date "2006.05.04"]
[Round "8"]
[White "Meynard, Thibault"]
[Black "Nijboer, Friso"]
[Result "1-0"]
[WhiteElo "2234"]
[BlackElo "2571"]
[PlyCount "89"]
[EventDate "2006.05.03"]
[EventType "team-tourn"]
[EventRounds "4"]
[EventCountry "FRA"]
[SourceTitle "EXT 2007"]
[Source "ChessBase"]
[SourceDate "2006.11.23"]
[SourceVersion "1"]
[SourceVersionDate "2006.11.23"]
[SourceQuality "1"]
[WhiteTeam "Avignon"]
[BlackTeam "Nancy"]
[WhiteTeamCountry "FRA"]
[BlackTeamCountry "FRA"]

1. d4 f5 2. Bg5 g6 3. e3 Bg7 4. Bc4 Nf6 5. Nd2 e6 6. c3 h6 7. Bh4 Nc6 8. f4 d6 9. Ngf3 Bd7 10. 0-0 Qe7 11. b4 Nd8 12. Qc2 Nf7 13. e4 fxe4 14. Nxe4 g5 15. fxg5 hxg5 16. Bxg5 0-0-0 17. Rae1 Nxg5 18. Nexg5 d5 19. Bd3 Nh5 20. Nxe6 Bxe6 21. Rxe6 Qd7 22. Ng5 Rdf8 23. Rxf8+ Rxf8 24. Bf5 Kb8 25. Rf6 Qe7 26. Rxf8+ Bxf8 27. Ne6 Nf4 28. Qf2 Nxe6 29. Bxe6 Bh6 30. Qf5 a5 31. a3 Bc1 32. Qxd5 Bxa3 33. bxa5 Bd6 34. g3 Qh7 35. Bf5 Qh6 36. a6 bxa6 37. Be4 Kc8 38. Qg8+ Bf8 39. Kg2 a5 40. Qf7 Kd8 41. h4 Qd6 42. Qb3 c5 43. Qb5 cxd4 44. Qxa5+ Ke7 45. Qa7+ 1-0

[Event "FRA-chT Top 16 GpA"]
[Site "France"]
[Date "2006.04.02"]
[Round "7"]
[White "Meynard, Thibault"]
[Black "Nataf, Igor Alexandre"]
[Result "0-1"]
[WhiteElo "2234"]
[BlackElo "2553"]
[PlyCount "75"]
[EventDate "2006.02.03"]
[EventType "team-tourn"]
[EventRounds "7"]
[EventCountry "FRA"]
[SourceTitle "CBM 111 Extra"]
[Source "ChessBase"]
[SourceDate "2006.05.09"]
[SourceVersion "1"]
[SourceVersionDate "2006.05.09"]
[SourceQuality "1"]
[WhiteTeam "Avignon"]
[BlackTeam "NAO"]
[WhiteTeamCountry "FRA"]
[BlackTeamCountry "FRA"]

1. d4 Nf6 2. c4 g6 3. Nc3 Bg7 4. e4 d6 5. h3 0-0 6. Be3 c5 7. Nf3 Qa5 8. Qd2 Nc6 9. d5 Nd4 10. Bxd4 cxd4 11. Nb5 Qxd2+ 12. Nxd2 Nd7 13. Nb3 Nc5 14. Nxc5 dxc5 15. Bd3 a6 16. Na3 e5 17. 0-0 f5 18. Rab1 Bh6 19. b4 b6 20. bxc5 bxc5 21. f3 Ra7 22. Nc2 Raf7 23. Rfe1 Bf4 24. Re2 h5 25. Ne1 Be3+ 26. Kh1 g5 27. Rb8 f4 28. Reb2 g4 29. Bf1 Rg7 30. R2b6 Bd7 31. Rxf8+ Kxf8 32. Rb8+ Ke7 33. Nd3 gxf3 34. Nxe5 fxg2+ 35. Bxg2 Rg5 36. d6+ Ke6 37. Nxd7 Kxd7 38. Ra8 0-1

[Event "FRA-chT Top 16 GpA"]
[Site "France"]
[Date "2006.04.01"]
[Round "6"]
[White "Meynard, Thibault"]
[Black "Flear, Glenn C"]
[Result "0-1"]
[WhiteElo "2234"]
[BlackElo "2470"]
[PlyCount "86"]
[EventDate "2006.02.03"]
[EventType "team-tourn"]
[EventRounds "7"]
[EventCountry "FRA"]
[SourceTitle "CBM 111 Extra"]
[Source "ChessBase"]
[SourceDate "2006.05.09"]
[SourceVersion "1"]
[SourceVersionDate "2006.05.09"]
[SourceQuality "1"]
[WhiteTeam "Avignon"]
[BlackTeam "Montpellier"]
[WhiteTeamCountry "FRA"]
[BlackTeamCountry "FRA"]

1. d4 d5 2. c4 e6 3. Nf3 Nf6 4. Nc3 c6 5. Qb3 dxc4 6. Qxc4 b5 7. Qd3 Bb7 8. e4 b4 9. Na4 Qa5 10. b3 c5 11. Qb5+ Qxb5 12. Bxb5+ Bc6 13. Bxc6+ Nxc6 14. dxc5 Nxe4 15. Be3 Be7 16. Nd4 Bf6 17. Rd1 Nxd4 18. Bxd4 0-0-0 19. Be3 Rxd1+ 20. Kxd1 Rd8+ 21. Ke2 Kb7 22. Rd1 Rxd1 23. Kxd1 Kc6 24. f3 Nc3+ 25. Nxc3 Bxc3 26. Kc2 a6 27. a3 Kd5 28. Kd3 Be1 29. a4 Bh4 30. c6 Kxc6 31. Kc4 a5 32. Bd4 g6 33. g3 Bd8 34. f4 g5 35. fxg5 Bxg5 36. g4 f5 37. h3 f4 38. Be5 f3 39. Kd3 Kd5 40. Bg3 e5 41. h4 e4+ 42. Kc2 Bf4 43. Be1 e3 0-1

[Event "FRA-ch U20"]
[Site "Aix les Bains"]
[Date "2006.04.??"]
[Round "6"]
[White "Pile, Richard"]
[Black "Meynard, Thibault"]
[Result "1/2-1/2"]
[WhiteElo "2283"]
[BlackElo "2256"]
[PlyCount "95"]
[EventDate "2006.04.??"]
[EventType "swiss"]
[EventRounds "8"]
[EventCountry "FRA"]
[SourceTitle "EXT 2007"]
[Source "ChessBase"]
[SourceDate "2006.11.23"]
[SourceVersion "1"]
[SourceVersionDate "2006.11.23"]
[SourceQuality "1"]

1. e4 c5 2. Nf3 Nc6 3. Nc3 e6 4. Bb5 d6 5. 0-0 Bd7 6. Bxc6 Bxc6 7. d4 cxd4 8. Qxd4 Ne7 9. Rd1 Ng6 10. Bg5 Qc7 11. a4 a6 12. Nd2 f6 13. Be3 Ne5 14. Nc4 Nf7 15. Nb6 Rd8 16. f4 Qe7 17. Re1 g6 18. b4 Bg7 19. b5 Bd7 20. Ncd5 exd5 21. Nxd5 Qf8 22. Nc7+ Ke7 23. Rad1 Rc8 24. Nd5+ Ke8 25. bxa6 bxa6 26. Qa7 Rc6 27. Nb6 Qe7 28. e5 fxe5 29. fxe5 Bxe5 30. Bf4 Be6 31. Qa8+ Nd8 32. Bxe5 dxe5 33. Rxd8+ Qxd8 34. Qxc6+ Kf7 35. Rf1+ Bf5 36. Qb7+ Qe7 37. Qxa6 Qc5+ 38. Kh1 Kg7 39. Nd7 Qe7 40. Nb6 Rd8 41. Qc4 Rd2 42. Nd5 Qg5 43. g3 Rxc2 44. Qb4 Rd2 45. Ne3 Qxe3 46. Qe7+ Kh6 47. Qb4 Kg7 48. Qe7+ 1/2-1/2

[Event "FRA-chT Top 16 GpA"]
[Site "France"]
[Date "2006.03.30"]
[Round "4"]
[White "Sokolov, Andrei"]
[Black "Meynard, Thibault"]
[Result "1-0"]
[WhiteElo "2632"]
[BlackElo "2234"]
[PlyCount "45"]
[EventDate "2006.02.03"]
[EventType "team-tourn"]
[EventRounds "7"]
[EventCountry "FRA"]
[SourceTitle "CBM 111 Extra"]
[Source "ChessBase"]
[SourceDate "2006.05.09"]
[SourceVersion "1"]
[SourceVersionDate "2006.05.09"]
[SourceQuality "1"]
[WhiteTeam "Mulhouse"]
[BlackTeam "Avignon"]
[WhiteTeamCountry "FRA"]
[BlackTeamCountry "FRA"]

1. e4 c5 2. Nf3 Nc6 3. Bb5 g6 4. Bxc6 dxc6 5. d3 Bg7 6. h3 b6 7. Nc3 e5 8. Be3 f6 9. Qd2 Be6 10. a3 Qe7 11. 0-0 g5 12. b4 cxb4 13. axb4 Rd8 14. d4 h5 15. d5 Rd7 16. Rfd1 Nh6 17. Bxb6 Qxb4 18. Bxa7 0-0 19. Qe3 cxd5 20. Bc5 Qb7 21. Ra7 Qc8 22. Rxd7 Bxd7 23. Nxd5 1-0

[Event "Saint Affrique op 13th"]
[Site "Saint Affrique"]
[Date "2005.07.28"]
[Round "7"]
[White "Georgiev, Krum"]
[Black "Meynard, Thibault"]
[Result "1-0"]
[WhiteElo "2468"]
[BlackElo "2281"]
[PlyCount "71"]
[EventDate "2005.07.23"]
[EventType "swiss"]
[EventRounds "9"]
[EventCountry "FRA"]
[SourceTitle "CBM 107 Extra"]
[Source "ChessBase"]
[SourceDate "2005.09.01"]
[SourceVersion "1"]
[SourceVersionDate "2005.09.01"]
[SourceQuality "1"]

1. e4 c5 2. Nf3 Nc6 3. Bb5 g6 4. 0-0 Bg7 5. c3 Nf6 6. Re1 0-0 7. h3 d5 8. e5 Ne8 9. d4 Qb6 10. Ba4 cxd4 11. cxd4 Nc7 12. Nc3 Rd8 13. a3 a5 14. Bb3 Qa7 15. Bg5 Be6 16. Ba4 h6 17. Be3 Nb8 18. Qd2 Kh7 19. Bc2 Nd7 20. a4 Nf8 21. Ne2 Bd7 22. Nh4 Ne8 23. Nf4 Ne6 24. Nfxg6 fxg6 25. Nxg6 Kg8 26. Nxe7+ Kf7 27. Nf5 h5 28. Qe2 Qa6 29. Bd3 Qb6 30. Qxh5+ Kf8 31. Bh6 Rdc8 32. Re3 Qd8 33. Rf3 Kg8 34. Bxg7 Ng5 35. Ne7+ Kxg7 36. Qg6+ 1-0

[Event "Saint Affrique op 13th"]
[Site "Saint Affrique"]
[Date "2005.07.25"]
[Round "4"]
[White "Meynard, Thibault"]
[Black "Apicella, Manuel"]
[Result "0-1"]
[WhiteElo "2281"]
[BlackElo "2553"]
[PlyCount "82"]
[EventDate "2005.07.23"]
[EventType "swiss"]
[EventRounds "9"]
[EventCountry "FRA"]
[SourceTitle "CBM 107 Extra"]
[Source "ChessBase"]
[SourceDate "2005.09.01"]
[SourceVersion "1"]
[SourceVersionDate "2005.09.01"]
[SourceQuality "1"]

1. d4 Nf6 2. c4 g6 3. Nc3 Bg7 4. e4 d6 5. f3 0-0 6. Bg5 c5 7. Nge2 cxd4 8. Nxd4 Nc6 9. Nc2 Nd7 10. Qd2 Nc5 11. Bh6 f5 12. h4 fxe4 13. h5 Qe8 14. Bxg7 Kxg7 15. fxe4 Ne5 16. Be2 Bg4 17. 0-0-0 Bxe2 18. hxg6 Ncd3+ 19. Kb1 Qxg6 20. Nxe2 Nxb2 21. Rh3 Nxd1 22. Rg3 Ng4 23. Qd4+ Rf6 24. Qxd1 Raf8 25. Qd4 h5 26. Nf4 Qf7 27. Nd5 e5 28. Qxa7 Rf1+ 29. Kb2 Rf2 30. Rb3 Qg6 31. Nc7 Qxe4 32. Rc3 Ne3 33. Qxe3 Rxc2+ 34. Kb3 Qxe3 35. Rxe3 Rff2 36. Ne8+ Kg6 37. Rg3+ Kf5 38. Ng7+ Ke4 39. Nxh5 Rb2+ 40. Ka3 Rxa2+ 41. Kb3 Kd4 0-1